Economic policy in our time / (Record no. 37743)
[ view plain ]
| 000 -LEADER | |
|---|---|
| fixed length control field | 01178cam a22002771 4500 |
| 001 - CONTROL NUMBER | |
| control field | 37743 |
| 003 - CONTROL NUMBER IDENTIFIER | |
| rucl marc code | BD-RjUL |
| 005 - DATE AND TIME OF LATEST TRANSACTION | |
| control field | 20211209052638.0 |
| 008 - FIXED-LENGTH DATA ELEMENTS--GENERAL INFORMATION | |
| fixed length control field | 720128r19681964ne b 000 0 eng |
| 035 ## - SYSTEM CONTROL NUMBER | |
| System control number | (BD-RjUL)2383 |
| System control number | (OCoLC)230014 |
| 040 ## - CATALOGING SOURCE | |
| Original cataloging agency | DLC |
| Transcribing agency | ODaWU |
| Modifying agency | OCoLC |
| -- | DLC |
| -- | BD-RjUL |
| Language of cataloging | eng |
| 041 ## - LANGUAGE CODE | |
| Language code of text/sound track or separate title | eng |
| 082 ## - DEWEY DECIMAL CLASSIFICATION NUMBER | |
| Edition number | 19 |
| Classification number | 338.9 |
| Author mark and year | ECO |
| 245 00 - TITLE STATEMENT | |
| Title | Economic policy in our time / |
| Statement of responsibility, etc. | [by] E. S. Kirschen [and others] |
| Number of part/section of a work | Vol. 2. |
| Name of part/section of a work | Country studies |
| 250 ## - EDITION STATEMENT | |
| Edition statement | 1st ed. |
| 260 ## - PUBLICATION, DISTRIBUTION, ETC. (IMPRINT) | |
| Place of publication, distribution, etc. | Amsterdam : |
| Name of publisher, distributor, etc. | North-Holland Pub. Co.; [sole distributors for U.S.A.: Rand McNally,Chicago] |
| Date of publication, distribution, etc. | c1964 [reprinted 1968]. |
| 300 ## - PHYSICAL DESCRIPTION | |
| Pagination | vii, 223 p. ; |
| Size | 23 cm. |
| 504 ## - BIBLIOGRAPHY, ETC. NOTE | |
| Bibliography, etc | Includes biblographical references. |
| 505 0# - FORMATTED CONTENTS NOTE | |
| Formatted contents note | v. 1. General theory, by E. S. Kirschen, and others.--v. 2. Country studies: United States, by O. Eckstein. United Kingdom, by F. Blackaby. Norway, by J. Faaland.--v. 3. Country studies: Belgium, by L. Morissens. Germany, by H. Besters. Netherlands, by F. Hartog. France, by J. Benard. Italy, by E. Tosco. |
| 650 #0 - SUBJECT ADDED ENTRY--TOPICAL TERM | |
| Topical term or geographic name as entry element | Economic policy. |
| 9 (RLIN) | 7630 |
| 700 1# - ADDED ENTRY--PERSONAL NAME | |
| Personal name | Kirschen, Étienne Sadi. |
| 942 ## - ADDED ENTRY ELEMENTS (KOHA) | |
| Source of classification or shelving scheme | Dewey Decimal Classification |
| Koha item type | Books |
| Lost status | Source of classification or shelving scheme | Damaged status | Not for loan | Collection code | Permanent Location | Current Location | Shelving location | Date acquired | Total Checkouts | Full call number | Date last seen | Copy number | Koha item type |
|---|---|---|---|---|---|---|---|---|---|---|---|---|---|
| Dewey Decimal Classification | Not For Loan | Non-fiction | Central Library, University of Rajshahi | Central Library, University of Rajshahi | Reading Room | 10/05/2015 | 338.9 ECO V-2 1968 | 10/05/2015 | C-1 | Books |